New materials from natural rubber from Sri Lanka (Record no. 63843)

MARC details
000 -LEADER
fixed length control field 01508nam a2200193Ia 4500
100 ## - MAIN ENTRY--AUTHOR NAME
Personal name Tillekeratne L M K
245 #0 - TITLE STATEMENT
Title New materials from natural rubber from Sri Lanka
260 ## - PUBLICATION, DISTRIBUTION, ETC. (IMPRINT)
Name of publisher New materials from natural rubber : Proceedings of an IRRDB symposium Tun Abdul Razak Laboratory Hertford, England 13 September 1993
Year of publication 1993
300 ## - PHYSICAL DESCRIPTION
Number of Pages 93-95
520 ## - SUMMARY, ETC.
Summary, etc Latex crepe is the purest available form of natural rubber and hence it is particularly suitable for specialized applications where health risk is a problem. Traditional Green Book grading proved unsuitable for such uses and efforts are now underway in Sri Lanka to introduce specifications for Technically Specified Crepe (TSC) forms which will be specific to particular end uses. These TSCs are designed respectively for food and pharmaceutical applications, adhesive applications and dynamic rubber applications which require a low-nitrogen content. These grades are described and discussed. Other forms of rubber which are under development in Sri Linka are also described and the manufacturing methods and potential applications discussed. These forms are general purpose latex crepe, depolymerized rubber (or liquid natural rubber), thermoplastic natural rubber and cyclized rubber.
650 ## - SUBJECT ADDED ENTRY--TOPICAL TERM
Topical Term Cyclized rubber
650 ## - SUBJECT ADDED ENTRY--TOPICAL TERM
Topical Term Depolymerized rubber
650 ## - SUBJECT ADDED ENTRY--TOPICAL TERM
Topical Term Latex crepe
650 ## - SUBJECT ADDED ENTRY--TOPICAL TERM
Topical Term Natural rubber
650 ## - SUBJECT ADDED ENTRY--TOPICAL TERM
Topical Term Sri Lanka
650 ## - SUBJECT ADDED ENTRY--TOPICAL TERM
Topical Term Thermoplastic natural rubber
942 ## - ADDED ENTRY ELEMENTS (KOHA)
Koha item type Journals
Holdings
Withdrawn status Lost status Damaged status Not for loan Home library Current library Date acquired Koha item type
      Journals RRII Library RRII Library 17/12/2021 Journals